000 00413nam a22001697a 4500
005 20180702153501.0
008 160620b xxu||||| |||| 00| 0 eng d
020 _a81-7808-773-1
041 _aeng
082 _b8363
_a658
100 _aTulsian, P.C.
_94426
245 _aBusiness Organisation & Mgt.
260 _aDelhi
_bPearson Education
_c2003
300 _a25.37
650 _aManagement
_9241
942 _cBK
999 _c3199
_d3198